Anduff Holdings Ltd v SoS for Scotland (Record no. 18415)
[ view plain ]
| 000 -LEADER | |
|---|---|
| fixed length control field | 01373cab a2200229 4500 |
| 001 - CONTROL NUMBER | |
| control field | A161 |
| 008 - FIXED-LENGTH DATA ELEMENTS--GENERAL INFORMATION | |
| fixed length control field | 090401t1992 xxu||||| |||| 00| 0 eng d |
| 035 ## - SYSTEM CONTROL NUMBER | |
| System control number | (Sirsi) u27365 |
| 041 ## - LANGUAGE CODE | |
| Language code of text/sound track or separate title | eng |
| 245 ## - TITLE STATEMENT | |
| Title | Anduff Holdings Ltd v SoS for Scotland |
| 260 ## - PUBLICATION, DISTRIBUTION, ETC. | |
| Date of publication, distribution, etc. | 1992 |
| 350 ## - PRICE (NR) (BK AM CF MU VM SE) [OBSOLETE] | |
| Price | 0 |
| 490 ## - SERIES STATEMENT | |
| Series statement | Scots Law Times |
| Volume/sequential designation | 1992 SLT 696-701(6) |
| 520 ## - SUMMARY, ETC. | |
| Summary, etc. | Second Division 29 May 1991. Car wash centre - planning permission - application refused on basis that proposal made inappropriate use of site - appeal dismissed on ground of physical design of development and possibility that adjacent site would be left undeveloped - whether grounds foreshadowed in planning authority`s decision and objections - whether applicants had fair notice - whether reporter in breach of principles of natural justice - Town and Country Planning (Scotland) Act 1972 s233. Held, that the reporter`s grounds of decision were based on issues not raised by the parties nor by the reporter, and the principles of natural justice required that A should have had the opportunity to deal with these issues. Appeal allowed and decision of reporter quashed. |
| 650 ## - SUBJECT ADDED ENTRY--TOPICAL TERM | |
| Topical term or geographic name entry element | PLANNING PERMISSION |
| 650 ## - SUBJECT ADDED ENTRY--TOPICAL TERM | |
| Topical term or geographic name entry element | REFUSAL OF CONSENT |
| 650 ## - SUBJECT ADDED ENTRY--TOPICAL TERM | |
| Topical term or geographic name entry element | SCOTLAND |
| 650 ## - SUBJECT ADDED ENTRY--TOPICAL TERM | |
| Topical term or geographic name entry element | TOWN AND COUNTRY PLANNING (SCOTLAND) ACT 1972 S233 |
| 690 ## - LOCAL SUBJECT ADDED ENTRY--TOPICAL TERM (OCLC, RLIN) | |
| Topical term or geographic name as entry element | PLANNING LAW AND PRACTICE-CASE LAW |
| 942 ## - ADDED ENTRY ELEMENTS (KOHA) | |
| Suppress in OPAC | 0 |
| 948 ## - LOCAL PROCESSING INFORMATION (OCLC); SERIES PART DESIGNATOR (RLIN) | |
| c (OCLC) | 04/03/1997 |
| Withdrawn status | Lost status | Source of classification or shelving scheme | Damaged status | Not for loan | Home library | Current library | Shelving location | Date acquired | Total Checkouts | Full call number | Barcode | Date last seen | Copy number | Price effective from | Koha item type |
|---|---|---|---|---|---|---|---|---|---|---|---|---|---|---|---|
| Dewey Decimal Classification | London | London | Journal article | 14/09/1999 | A161 | 27365-1001 | 06/08/2019 | 1 | 06/08/2019 | Law report |